| 000 | 00575nam a2200193Ia 4500 | ||
|---|---|---|---|
| 005 | 20250508163501.0 | ||
| 008 | 008 250505s9999 xx 000 0 eng d | ||
| 037 | _aBooks to be hide in OPAC | ||
| 040 |
_aFEDL _beng _cFEDL |
||
| 041 |
_aeng _2eng |
||
| 084 |
_a371.1, MOR/O _qFEDL |
||
| 100 | _aMort Paul R | ||
| 245 | 0 | _aEffective teacher's hand book | |
| 260 |
_aNew York, USA _bThe Institute of Administrative Research _c1963 |
||
| 300 | _aviii,437p. | ||
| 700 |
_a Vincent William S _9775434 |
||
| 942 |
_cHB _h371.1, MOR/O |
||
| 999 |
_c1383596 _d1383596 |
||